<?xml version="1.0" encoding="UTF-8"?>
<collection xmlns:xsi="http://www.w3.org/2001/XMLSchema-instance" xsi:schemaLocation="http://www.loc.gov/MARC21/slim http://www.loc.gov/standards/marcxml/schema/MARC21slim.xsd" xmlns="http://www.loc.gov/MARC21/slim">
 <record>
  <leader>00000cab a22000003a 4500</leader>
  <controlfield tag="001">UP-99796217610931984</controlfield>
  <controlfield tag="003">Buklod</controlfield>
  <controlfield tag="005">20231008001149.0</controlfield>
  <controlfield tag="006">a    grb    001 u|</controlfield>
  <controlfield tag="007">ta</controlfield>
  <controlfield tag="008">130904s        xx     d | ||r |||||   ||</controlfield>
  <datafield tag="040" ind1=" " ind2=" ">
   <subfield code="a">DENG</subfield>
  </datafield>
  <datafield tag="041" ind1=" " ind2=" ">
   <subfield code="a">eng</subfield>
  </datafield>
  <datafield tag="100" ind1="0" ind2=" ">
   <subfield code="a">Karnawati, Dwikorita</subfield>
  </datafield>
  <datafield tag="245" ind1="0" ind2="0">
   <subfield code="a">Development of socio-technical approach for landslide mitigation and risk reduction progra in Indonesia.</subfield>
  </datafield>
  <datafield tag="300" ind1=" " ind2=" ">
   <subfield code="a">pp. 22-49</subfield>
  </datafield>
  <datafield tag="520" ind1=" " ind2=" ">
   <subfield code="a">Intensive efforts for mitigating and reducing the risk of landslides in Indonesia have been conducted since more than 30 years ago. But still, substantial socio-economical losses continuously occur as the results of landslide disasters. Admittedly, the natural conditions plays important role in controlling the susceptibility and triggering the occurence of landslides. Yet, the human interfere and landuse changing crucially contribute in the triggering process of landslides. Indeed, the increase in societal impacts due to the landslide disasters also strongly related to the landuse changing, driven by the social constrains. Unfortunately, the technical solution for landslide mitigation and risk reduction does not always appropriately address the socio cultural and socio economical aspects of the disaster prone area. That is why, the hybrid socio-technical system is promoted in this study, in which not only the engineering but also social system has to be system was mainly supported by the participatory landslide hazard and risk map as well as the community based landslide early warning system. Such system was developed by enhancing the local knowledge, through the local participation and utilizing the local materials. Meanwhile, the social system was established through a series of community empowerment programs and supported by the establishment of local task force for disaster risk reduction at the village. Accordingly, the developed system can be effectively operated, maintained and sustained by the local community. Indeed, the roles of the local task force and the local university are very important to drive and ensure the effectiveness of the landslide mitigation and disaster risk reduction</subfield>
  </datafield>
  <datafield tag="653" ind1=" " ind2=" ">
   <subfield code="a">Community empowerment.</subfield>
  </datafield>
  <datafield tag="653" ind1=" " ind2=" ">
   <subfield code="a">Hybrid socio-technical system.</subfield>
  </datafield>
  <datafield tag="653" ind1=" " ind2=" ">
   <subfield code="a">Local knowledge.</subfield>
  </datafield>
  <datafield tag="653" ind1=" " ind2=" ">
   <subfield code="a">Local participation.</subfield>
  </datafield>
  <datafield tag="773" ind1="0" ind2=" ">
   <subfield code="t">Asean Engineering Journal</subfield>
   <subfield code="g">2, 1 (2013).</subfield>
  </datafield>
  <datafield tag="905" ind1=" " ind2=" ">
   <subfield code="a">FO</subfield>
  </datafield>
  <datafield tag="852" ind1=" " ind2=" ">
   <subfield code="a">UPD</subfield>
   <subfield code="b">DENG</subfield>
  </datafield>
  <datafield tag="942" ind1=" " ind2=" ">
   <subfield code="a">Article</subfield>
  </datafield>
 </record>
</collection>
